01388cam a2200337 a 4500999001700000001000900017003000900026005001700035008004100052020001500093020001800108040003800126082002000164100006400184245013200248264005600380300002700436336002600463337002800489338002700517500004500544504005100589600006400640651001000704653002300714655002400737700004100761700007900802942001200881952015700893 c16849d1684914419728EG-ScBUE20210309103533.0060619s2007 enk f b 001 0beng d a0230007554 a9780230007550 aDLCbengerdacDLCdDLCdEG-ScBUE04a822.33bBRA2221 aBradley, A. C.q(Andrew Cecil),d1851-1935,eauthor.93050610aA.C. Bradley on Shakespeare's tragedies :ba concise edition and reassessment /cA.C. Bradley ; [edited by] John Russell Brown. 1aHampshire ;aNew York :bPalgrave Macmillan,c2007. avi, 163 pages ;c22 cm 2rdacontentatextbtxt 2rdamediaaunmediatedbn 2rdacarrieravolumebnc aRev. ed. of Shakespearean tragedy. 1985. aIncludes bibliographical references and index.17930507aShakespeare, William,d1564-1616,xTragedies.2BUEsh 2BUEsh cJuly2012bHHUUEENN vReading book9342321 aBrown, John Russell,eeditor.93050912aBradley, A. C.q(Andrew Cecil),d1851-1935,tShakespearean tragedy.930510 2ddccBB 00102ddc40708BaccahaMAINbMAINc2NDd2012-07-10epurchaseg292.00h15359l1o822.33 BRAp000026951r2025-07-15 00:00:00s2024-09-18w2012-07-10yBB